|
|
|
|
| LEADER |
03191nam a22006255i 4500 |
| 001 |
978-3-642-03951-5 |
| 003 |
DE-He213 |
| 005 |
20151204153445.0 |
| 007 |
cr nn 008mamaa |
| 008 |
100301s2010 gw | s |||| 0|eng d |
| 020 |
|
|
|a 9783642039515
|9 978-3-642-03951-5
|
| 024 |
7 |
|
|a 10.1007/978-3-642-03951-5
|2 doi
|
| 040 |
|
|
|d GrThAP
|
| 050 |
|
4 |
|a QC350-467
|
| 050 |
|
4 |
|a TA1501-1820
|
| 050 |
|
4 |
|a QC392-449.5
|
| 050 |
|
4 |
|a TA1750-1750.22
|
| 072 |
|
7 |
|a TTB
|2 bicssc
|
| 072 |
|
7 |
|a PHJ
|2 bicssc
|
| 072 |
|
7 |
|a TEC030000
|2 bisacsh
|
| 082 |
0 |
4 |
|a 621.36
|2 23
|
| 245 |
1 |
0 |
|a Progress in Nano-Electro-Optics VII
|h [electronic resource] :
|b Chemical, Biological, and Nanophotonic Technologies for Nano-Optical Devices and Systems /
|c edited by Motoichi Ohtsu.
|
| 264 |
|
1 |
|a Berlin, Heidelberg :
|b Springer Berlin Heidelberg,
|c 2010.
|
| 300 |
|
|
|a XIV, 149 p.
|b online resource.
|
| 336 |
|
|
|a text
|b txt
|2 rdacontent
|
| 337 |
|
|
|a computer
|b c
|2 rdamedia
|
| 338 |
|
|
|a online resource
|b cr
|2 rdacarrier
|
| 347 |
|
|
|a text file
|b PDF
|2 rda
|
| 490 |
1 |
|
|a Springer Series in Optical Sciences,
|x 0342-4111 ;
|v 155
|
| 505 |
0 |
|
|a Photo-Induced Phase Transition in RbMnFe Prussian Blue Analog-Based Magnet -- Photoinduced Energy Transfer in Artificial Photosynthetic Systems -- Electro-Magneto-Optics in Polarity-Controlled Quantum Structures on ZnO -- Nonadiabatic Near-Field Optical Polishing and Energy Transfers in Spherical Quantum Dots -- Shape-Engineered Nanostructures for Polarization Control in Optical Near- and Far-Fields.
|
| 520 |
|
|
|a This book focuses on chemical and nanophotonic technology to be used to develop novel nano-optical devices and systems. It begins with temperature- and photo-induced phase transition of ferromagnetic materials. Further topics include: energy transfer in artificial photosynthesis, homoepitaxial multiple quantum wells in ZnO, near-field photochemical etching and nanophotonic devices based on a nonadiabatic process and optical near-field energy transfer, respectively and polarization control in the optical near-field for optical information security. Taken as a whole, this overview will be a valuable resource for engineers and scientists working in the field of nano-electro-optics.
|
| 650 |
|
0 |
|a Physics.
|
| 650 |
|
0 |
|a Mass spectrometry.
|
| 650 |
|
0 |
|a Solid state physics.
|
| 650 |
|
0 |
|a Optics.
|
| 650 |
|
0 |
|a Optoelectronics.
|
| 650 |
|
0 |
|a Plasmons (Physics).
|
| 650 |
|
0 |
|a Spectroscopy.
|
| 650 |
|
0 |
|a Microscopy.
|
| 650 |
|
0 |
|a Nanotechnology.
|
| 650 |
1 |
4 |
|a Physics.
|
| 650 |
2 |
4 |
|a Optics, Optoelectronics, Plasmonics and Optical Devices.
|
| 650 |
2 |
4 |
|a Nanotechnology and Microengineering.
|
| 650 |
2 |
4 |
|a Mass Spectrometry.
|
| 650 |
2 |
4 |
|a Nanotechnology.
|
| 650 |
2 |
4 |
|a Solid State Physics.
|
| 650 |
2 |
4 |
|a Spectroscopy and Microscopy.
|
| 700 |
1 |
|
|a Ohtsu, Motoichi.
|e editor.
|
| 710 |
2 |
|
|a SpringerLink (Online service)
|
| 773 |
0 |
|
|t Springer eBooks
|
| 776 |
0 |
8 |
|i Printed edition:
|z 9783642039508
|
| 830 |
|
0 |
|a Springer Series in Optical Sciences,
|x 0342-4111 ;
|v 155
|
| 856 |
4 |
0 |
|u http://dx.doi.org/10.1007/978-3-642-03951-5
|z Full Text via HEAL-Link
|
| 912 |
|
|
|a ZDB-2-PHA
|
| 950 |
|
|
|a Physics and Astronomy (Springer-11651)
|